000 00365nam a22001217a 4500
999 _c755
_d755
005 20200817162452.0
008 200817b ||||| |||| 00| 0 eng d
020 _a0700511806
040 _cCML
245 _aSelf-Evaluation a Primary Teacher's Guide.
_cMoyles, J.R.
260 _aEngland
_bNfeer-Nelson
_c1988
942 _2ddc
_cBK
_e1st Edition
_h371
_mMOY